Poll surveys in media / (Record no. 146888)

MARC details
000 -LEADER
fixed length control field 00558nam a22001817a 4500
005 - DATE AND TIME OF LATEST TRANSACTION
control field 20171026171436.0
010 ## - LCCN (DPL NO)
LC control number ENG-120923
020 ## - INTERNATIONAL STANDARD BOOK NUMBER
International Standard Book Number 9788123766164
Terms of availability 110.00
035 ## - SYSTEM CONTROL NUMBER
System control number EN-104455
037 ## - SOURCE OF ACQUISITION
Source of stock number/acquisition DBAD/PUB
082 ## - DEWEY DECIMAL CLASSIFICATION NUMBER
Classification number 324.954
100 ## - MAIN ENTRY--PERSONAL NAME
Personal name Rao,N. Bhaskara
245 ## - TITLE STATEMENT
Title Poll surveys in media /
Statement of responsibility, etc by N. Bhaskara Rao
260 ## - PUBLICATION, DISTRIBUTION, ETC. (IMPRINT)
Place of publication, distribution, etc New Delhi
Name of publisher, distributor, etc National Book Trust
Date of publication, distribution, etc 2012
270 ## - ADDRESS
Address Nehru Bhawan, 5 Institutional Area, Phase -II,
City New Delhi
Postal code 110070
300 ## - PHYSICAL DESCRIPTION
Extent xxiii,279p.:
Dimensions 22cm(pbk)
Other physical details ill.
942 ## - ADDED ENTRY ELEMENTS (KOHA)
Source of classification or shelving scheme Dewey Decimal Classification
Item type English Books
Call number suffix RAO
Classification part 324.954
Holdings
Withdrawn status Lost status Not for loan Collection code Home library Current library Date acquired Source of acquisition Cost, normal purchase price Full call number Barcode Copy number Cost, replacement price Koha item type
    Not For Loan Non-fiction D.B.Act.Division Bawana 26/10/2017 DBAD/PUB 110.00 324.954 RAO EN-104455 1 110.00 English Books

© Delhi Public Library
Hit Counter
free hit counter